Los valores en la educación infantil /

Guardado en:
Autor Principal: Domínguez Chillón, Gloria
Formato: Libro
Publicado: Madrid : La Muralla, 1997
Series:Colección Aula Abierta
Materias:
Etiquetas: Agregar Etiqueta
Sin Etiquetas, Sea el primero en etiquetar este registro!
LEADER 00940nam a22002535a 4500
001 CEM.cems009640
005 20080725083354.0
008 130507s1997##################000#0#####d
003 CEMS
020 |a 8471336588 
082 0 4 |a 372.21 
100 1 |a Domínguez Chillón, Gloria 
245 1 0 |a Los valores en la educación infantil /  |c Gloria Domínguez Chillón 
260 |a Madrid :  |b La Muralla,  |c 1997 
300 |a 120 p. 
490 0 |a Colección Aula Abierta 
500 |a Premio Educación y Sociedad 1995red Federal de Formación Docente Continua 
505 0 |a Visión ética de la educación -- Integración de los temas transversales en los documentos curriculares -- Tratamiento de los valores en la práctica del aula 
653 |a Axiología 
653 |a Contenidos transversales 
653 |a Educación 
653 |a Educación moral 
653 |a Nivel inicial 
859 |a CEMS  |b BIB. CEMS - 11 de abril  |h 372.21  |i D713  |p 19832.98  |t Ej.1